[Event "Reykjavik op"]
[Site "Reykjavik"]
[Date "2024.03.16"]
[Round "3"]
[White "Eliasson, Kristjan Orn"]
[Black "Banta, Robert Lance"]
[Result "1-0"]
[WhiteElo "1902"]
[BlackElo "1755"]
[PlyCount "89"]
[EventDate "2024.03.15"]
[EventType "swiss"]
[EventRounds "9"]
[EventCountry "ISL"]
[SourceTitle "CB13_2024"]
[SourceDate "2024.03.27"]
[SourceVersion "1"]
[SourceVersionDate "2024.03.27"]
[SourceQuality "1"]

1. e4 c5 2. Nc3 Nc6 3. Nf3 d6 4. h3 a6 5. d4 cxd4 6. Nxd4 Bd7 7. Be3 Nf6 8. Bd3 e6 9. Qd2 Qc7 10. a3 Be7 11. f3 0-0-0 12. Qf2 Ne5 13. 0-0 Rdg8 14. Nb3 Bc6 15. Bb6 Qd7 16. f4 Nxd3 17. cxd3 Kb8 18. Nd4 Rc8 19. a4 Bd8 20. Ba7+ Ka8 21. a5 e5 22. Nxc6 Rxc6 23. Be3 h6 24. Rfd1 Re8 25. Kh2 d5 26. Ne2 Rc2 27. fxe5 Rxe5 28. Bf4 Re8 29. Qf3 Rxb2 30. e5 Ng8 31. Nc3 Ne7 32. Bc1 Rb3 33. Bd2 Nc6 34. Rdb1 Rxb1 35. Rxb1 Rxe5 36. Kh1 Bxa5 37. Na4 b5 38. Bxa5 bxa4 39. Bc3 Rf5 40. Qg3 Rg5 41. Qf4 f6 42. Qxa4 Ka7 43. Bd4+ Ka8 44. Qxa6+ Na7 45. Bxa7 1-0

[Event "Reykjavik op"]
[Site "Reykjavik"]
[Date "2023.03.31"]
[Round "4"]
[White "Eliasson, Kristjan Orn"]
[Black "Skou, Niels"]
[Result "0-1"]
[WhiteElo "1737"]
[BlackElo "2114"]
[PlyCount "116"]
[EventDate "2023.03.29"]
[EventType "swiss"]
[EventRounds "9"]
[EventCountry "ISL"]
[SourceTitle "CBM 213 Extra"]
[Source "ChessBase"]
[SourceDate "2023.05.31"]
[SourceVersion "1"]
[SourceVersionDate "2023.05.31"]
[SourceQuality "1"]

1. e4 c6 2. Nf3 d5 3. Nc3 Nf6 4. e5 Ne4 5. d4 Bg4 6. Be2 Nxc3 7. bxc3 e6 8. 0-0 Be7 9. a4 Nd7 10. Ba3 c5 11. c4 dxc4 12. Bxc4 0-0 13. h3 Bh5 14. Re1 Rc8 15. Be2 Nb6 16. a5 Nd5 17. Qd2 cxd4 18. Qxd4 a6 19. c4 Bxa3 20. Rxa3 Ne7 21. Qb2 Qc7 22. Qc3 Nc6 23. g4 Bg6 24. Bf1 h6 25. Nh4 Bh7 26. Bg2 Rfd8 27. Bf1 Qe7 28. Nf3 Qc5 29. Ra4 Bg6 30. Nh4 Bh7 31. Nf3 Rd7 32. Kg2 Rcd8 33. Qa1 Ne7 34. Ra2 Qc6 35. Kg3 Qc5 36. h4 Nc6 37. Qc3 Ne7 38. Qc1 Qb4 39. Qa1 Nc6 40. h5 Bd3 41. Ra4 Qc5 42. Bg2 Bc2 43. Ra3 Bh7 44. Bf1 Nb4 45. Qc1 Nc2 46. Ra2 Nxe1 47. Qxe1 Bd3 48. Kh4 Bxc4 49. Rc2 Qe7+ 50. Kg3 Bxf1 51. Qxf1 Qa3 52. Qe1 Rd3 53. Qe4 Rxf3+ 54. Kg2 Rc3 55. Re2 Qc5 56. Kh2 Qd5 57. Qb4 Qf3 58. Qe4 Qh3+ 0-1

[Event "Reykjavik Blitz op"]
[Site "Reykjavik"]
[Date "2022.01.29"]
[Round "11"]
[White "Gunnarsson, Helgi Petur"]
[Black "Eliasson, Kristjan Orn"]
[Result "0-1"]
[WhiteElo "1746"]
[BlackElo "1760"]
[PlyCount "80"]
[EventDate "2022.01.29"]
[EventType "swiss (blitz)"]
[EventRounds "11"]
[EventCountry "ISL"]
[SourceTitle "CBM 206 Extra"]
[Source "ChessBase"]
[SourceDate "2022.03.31"]
[SourceVersion "1"]
[SourceVersionDate "2022.03.31"]
[SourceQuality "1"]

1. e4 d6 2. d4 g6 3. Nc3 Bg7 4. Be3 c6 5. Qd2 h5 6. h4 Nd7 7. 0-0-0 Qa5 8. Kb1 b5 9. Bd3 Rb8 10. f4 Nb6 11. b3 Nc4 12. Bxc4 bxc4 13. e5 d5 14. Nf3 Bg4 15. Rdf1 e6 16. Ka1 cxb3 17. Rb1 Bf5 18. Rxb3 Rxb3 19. cxb3 Ne7 20. Na4 Qc7 21. Rc1 0-0 22. Nc5 Rb8 23. Na6 Qb7 24. Nxb8 Qxb8 25. Qc3 Be4 26. Qc5 Qb7 27. Rg1 Nf5 28. Bd2 Bf8 29. Qc3 Qb6 30. g4 hxg4 31. Rxg4 Bxf3 32. Qxf3 Qxd4+ 33. Bc3 Qc5 34. h5 d4 35. Bb2 Ne3 36. Rg1 d3 37. hxg6 Nc2+ 38. Kb1 Qxg1+ 39. Bc1 Qxg6 40. Kb2 Ba3+ 0-1

[Event "Reykjavik Blitz op"]
[Site "Reykjavik"]
[Date "2022.01.29"]
[Round "3"]
[White "Thorhallsson, Simon"]
[Black "Eliasson, Kristjan Orn"]
[Result "1-0"]
[WhiteElo "2245"]
[BlackElo "1760"]
[PlyCount "49"]
[EventDate "2022.01.29"]
[EventType "swiss (blitz)"]
[EventRounds "11"]
[EventCountry "ISL"]
[SourceTitle "CBM 206 Extra"]
[Source "ChessBase"]
[SourceDate "2022.03.31"]
[SourceVersion "1"]
[SourceVersionDate "2022.03.31"]
[SourceQuality "1"]

1. d4 g6 2. c4 d6 3. Nc3 Bg7 4. e4 c6 5. Be3 Nf6 6. f3 0-0 7. Qd2 Nbd7 8. Nh3 h5 9. Nf2 Rb8 10. h4 e5 11. d5 c5 12. g4 Qa5 13. Bh6 a6 14. Rg1 b5 15. gxh5 Nxh5 16. Bxg7 Kxg7 17. Qg5 Ndf6 18. Ng4 Rh8 19. f4 Nxe4 20. Qe7 Nxc3 21. bxc3 Qxc3+ 22. Kf2 Qd4+ 23. Ne3 Qxf4+ 24. Ke2 Ng3+ 25. Kd2 1-0

[Event "Reykjavik ISL-ch op"]
[Site "Reykjavik"]
[Date "2020.08.25"]
[Round "4"]
[White "Eliasson, Kristjan Orn"]
[Black "Ptacnikova, Lenka"]
[Result "1/2-1/2"]
[WhiteElo "1754"]
[BlackElo "2117"]
[PlyCount "117"]
[EventDate "2020.08.22"]
[EventType "swiss"]
[EventRounds "9"]
[EventCountry "ISL"]
[SourceTitle "CBM 198 Extra"]
[Source "ChessBase"]
[SourceDate "2020.11.30"]
[SourceVersion "1"]
[SourceVersionDate "2020.11.30"]
[SourceQuality "1"]

1. e4 c5 2. Nf3 e6 3. Be2 a6 4. 0-0 Nc6 5. Re1 Nf6 6. Nc3 d5 7. exd5 Nxd5 8. Nxd5 Qxd5 9. c3 Be7 10. Qc2 0-0 11. d3 Rd8 12. Be3 e5 13. Bg5 f6 14. Be3 Bf5 15. Red1 c4 16. Ne1 Qf7 17. Qc1 b5 18. dxc4 bxc4 19. Rxd8+ Rxd8 20. f3 Qd5 21. b3 Na5 22. b4 Nc6 23. Qa3 a5 24. Rd1 Qb5 25. Rxd8+ Bxd8 26. bxa5 Be7 27. Qc1 Nxa5 28. Qd2 Kf7 29. f4 Nc6 30. Bf3 exf4 31. Qd5+ Qxd5 32. Bxd5+ Be6 33. Bxe6+ Kxe6 34. Bxf4 Kf5 35. g3 g5 36. Be3 Ke4 37. Kf2 Ne5 38. Bd4 Ng4+ 39. Kg2 f5 40. a4 Bf6 41. a5 Bxd4 42. cxd4 Kxd4 43. a6 Ne3+ 44. Kf2 Nd5 45. a7 Nb6 46. Nf3+ Kd3 47. Nxg5 c3 48. Nf3 Na8 49. Ne1+ Kd2 50. Kf1 Nc7 51. Kf2 Na8 52. Nf3+ Kd3 53. Ng1 c2 54. Ne2 Ke4 55. Ke1 Ke3 56. Nc1 h5 57. Ne2 Nc7 58. Nc1 Na8 59. Ne2 1/2-1/2

[Event "Reykjavik Icelandic op"]
[Site "Reykjavik"]
[Date "2018.06.09"]
[Round "10"]
[White "Eliasson, Kristjan Orn"]
[Black "Thorarensen, Adalsteinn"]
[Result "1/2-1/2"]
[WhiteElo "1835"]
[BlackElo "1673"]
[PlyCount "157"]
[EventDate "2018.06.01"]
[EventType "swiss"]
[EventRounds "10"]
[EventCountry "ISL"]
[SourceTitle "CBM 184 Extra"]
[Source "ChessBase"]
[SourceDate "2018.06.28"]
[SourceVersion "1"]
[SourceVersionDate "2018.06.28"]
[SourceQuality "1"]

1. e4 e6 2. d4 d5 3. e5 c5 4. c3 Nc6 5. a3 Nge7 6. b4 c4 7. Bg5 Qc7 8. Ne2 Ng6 9. Ng3 Be7 10. Be3 f5 11. Nh5 0-0 12. Qc1 Bd7 13. Be2 Be8 14. 0-0 Bf7 15. f4 Nh8 16. Qe1 Qd8 17. Ra2 Qe8 18. Ng3 Bh4 19. Qd1 b5 20. Nd2 a5 21. Rb2 axb4 22. axb4 Ra3 23. Nb1 Ra1 24. Nh1 Qa8 25. g3 Be7 26. Qd2 Rb8 27. Nf2 Rb6 28. g4 Bg6 29. gxf5 Bxf5 30. Bg4 Qf8 31. Qe2 Nd8 32. Nd2 Rba6 33. Kg2 Rxf1 34. Nxf1 Ra3 35. Qd2 Ng6 36. Bxf5 Nh4+ 37. Kh1 Qxf5 38. Qc1 Qg6 39. Ng3 Nf5 40. Nxf5 Qxf5 41. Re2 Rb3 42. Rb2 Ra3 43. Qe1 Bh4 44. Kg2 Qg4+ 45. Kf1 Qf3 46. Kg1 Kf7 47. Rc2 Nc6 48. Rb2 Ne7 49. Rc2 Nf5 50. Bd2 Bxf2+ 51. Qxf2 Ra1+ 52. Be1 Qe4 53. Re2 Qd3 54. Ra2 Qxc3 55. Ra7+ Ne7 56. Rxa1 Qxa1 57. Qe3 Nf5 58. Qc3 Qxc3 59. Bxc3 Ne7 60. Kf2 Kg6 61. Kf3 Kf5 62. h3 h5 63. Ke3 Ng6 64. Kf3 Nxf4 65. h4 Nd3 66. Bd2 g5 67. hxg5 h4 68. g6 Kxg6 69. Kg4 h3 70. Kxh3 Nf2+ 71. Kg2 Ne4 72. Bc1 Kf5 73. Kf3 c3 74. Ke3 Nd2 75. Kd3 Ne4 76. Bh6 Kg4 77. Ke2 Kg3 78. Bc1 Kg4 79. Ke3 1/2-1/2

[Event "Reykjavik Icelandic op"]
[Site "Reykjavik"]
[Date "2018.06.03"]
[Round "4"]
[White "Eliasson, Kristjan Orn"]
[Black "Apol, Luitjen Akselsson"]
[Result "1-0"]
[WhiteElo "1835"]
[BlackElo "1697"]
[PlyCount "43"]
[EventDate "2018.06.01"]
[EventType "swiss"]
[EventRounds "10"]
[EventCountry "ISL"]
[SourceTitle "CBM 184 Extra"]
[Source "ChessBase"]
[SourceDate "2018.06.28"]
[SourceVersion "1"]
[SourceVersionDate "2018.06.28"]
[SourceQuality "1"]

1. e4 c5 2. Nf3 d6 3. Nc3 Nf6 4. h3 a6 5. d3 g6 6. Be3 Bg7 7. Qd2 0-0 8. Bh6 Nc6 9. Bxg7 Kxg7 10. g4 Qa5 11. Bg2 Bd7 12. 0-0 e5 13. Nh4 h6 14. Kh2 Nd4 15. f4 Ne6 16. fxe5 dxe5 17. Rxf6 Qd8 18. Nf5+ gxf5 19. Qxh6+ Kg8 20. gxf5 Ng7 21. Rg1 Bxf5 22. exf5 1-0

[Event "Reykjavik Icelandic op"]
[Site "Reykjavik"]
[Date "2018.06.01"]
[Round "1"]
[White "Gretarsson, Helgi Ass"]
[Black "Eliasson, Kristjan Orn"]
[Result "1-0"]
[WhiteElo "2460"]
[BlackElo "1835"]
[PlyCount "77"]
[EventDate "2018.06.01"]
[EventType "swiss"]
[EventRounds "10"]
[EventCountry "ISL"]
[SourceTitle "CBM 184 Extra"]
[Source "ChessBase"]
[SourceDate "2018.06.28"]
[SourceVersion "1"]
[SourceVersionDate "2018.06.28"]
[SourceQuality "1"]

1. d4 Nf6 2. c4 g6 3. Nc3 d5 4. Qb3 dxc4 5. Qxc4 Bg7 6. e4 c6 7. Nf3 0-0 8. h3 b6 9. Qb3 Bb7 10. Bf4 Nh5 11. Be3 Nf6 12. Be2 e6 13. Nd2 Qd7 14. 0-0 Na6 15. Rfd1 Nc7 16. Nc4 Rfc8 17. a4 Ba6 18. Ne5 Qe8 19. Bf3 Rab8 20. Qc2 Bb7 21. Nc4 Qd7 22. Bf4 Nfe8 23. Ne2 Qe7 24. Ra3 g5 25. Bh2 Ra8 26. Ng3 f6 27. Nh5 Bf8 28. h4 Qf7 29. Re3 Qg6 30. hxg5 Nd5 31. gxf6 Nxe3 32. fxe3 Bh6 33. Ne5 Bxe3+ 34. Kh1 Qh6 35. f7+ Kf8 36. fxe8Q+ Kxe8 37. Ng4 Qg5 38. Nxe3 Qxe3 39. Bf4 1-0